Quizzes
Events
Quiz Creation
Community
Videos
Private Events
Remove Ads
Sign In
Join for FREE
Feedback
Dark Mode
Quiz Categories
Sports
Geography
Music
Movies
Television
Just For Fun
Miscellaneous
History
Literature
Language
Science
Gaming
Entertainment
Religion
Holiday
For Kids
Quiz Lab
Recent
Popular Today
Quiz Kudos Today
Editor Picks
Curator Picks
Quizzes by...
Day
Popularity
Type
Ratings
Length
Year
Community
Subscriptions
Recent Discussions
Orange Saloon
Badges
Playlists
Quests
Create
Leaderboards
Showdown
Live 5
Trivia Bingo
Activity
Puzzle Library
Sporcle Events
Private Events
Virtual Trivia
Globe League
Become a Host
Pub Owners
SporcleCon
Opinionation
Our Games
Videos
Blog
Mobile Apps
Partnerships
Remove Ads and Go Orange
Feedback
Religion
Mythology
Religious Music
World Religions
Bible
Christianity
Catholicism
Judaism
Church
Scripture
Islam
Verse
Religion
Mythology
Religious Music
World Religions
Bible
Christianity
Catholicism
Judaism
Church
Scripture
Islam
Verse
Random Quiz
Search Sporcle
×
Quiz Lab
Quiz Lab
Religion
Verse
Type in answers that appear in a list
Type in answers that appear in a list
Classic
Best Score? Go Orange.
25 Bible Verses Stats
Can you name the bible verses given?
By
mart1324
15m
25 Questions
278 Plays
278 Plays
278 Plays
Comments
Comments
Give Quiz Kudos
Give Quiz Kudos
-
- Ratings
hide this ad
Replay
Link that replays current quiz
Next Quiz
Link to next quiz in quiz playlist
You Got
0%
They Got
Avg Score
21%
Avg Friend Score
Upgrade to see
Score Distribution
Jump to the score distribution portion of the page
Score
0/25
Timer
15:00
0
Plays Today
Verse
NIV Text
% Correct
Genesis 1:1
In the beginning God created the heavens and the earth.
64%
Romans 3:23
For all have sinned and fall short of the glory of God.
56.8%
John 3:16
For God so loved the world that he gave his one and only Son that whoever believes in him shall not perish but have eternal life.
29.1%
1 John 4:19
We love because he first loved us.
28.4%
1 Peter 5:7
Cast all your anxiety on him because he cares for you.
27%
Romans 12:15
Rejoice with those who rejoice; mourn with those who mourn.
25.5%
Proverbs 3:5
Trust in the Lord with all your heart and lean not on your own understanding.
25.2%
Hebrews 11:1
Now faith is being sure of what we hope for and certain of what we do not see.
23.4%
John 3:30
He must become greater; I must become less
23%
Matthew 22:39
And the second is like it: 'Love your neighbor as yourself.'
22.7%
Revelation 3:19
Those whom I love I rebuke and discipline.
21.2%
Romans 3:24
And are justified freely by his grace through the redemption that came by Christ Jesus.
21.2%
Ecclesiastes 9:10
Whatever your hand finds to do, do it with all your might.
20.9%
Verse
NIV Text
% Correct
Matthew 22:37-
38
Love the Lord your God with all your heart and with all your soul and with all your mind. This is the first and greatest commandment.
18.7%
Romans 8:1
Therefore, there is now no condemnation for those who are in Christ Jesus.
17.6%
John 10:10
The thief comes only to steal and kill and destroy; I have come that they may have life, and have it to the full.
16.9%
Matthew 6:33
But seek first his kingdom and his righteousness and all these things will be given to you as well.
16.2%
Matthew 6:34
Therefore do not worry about tomorrow, for tomorrow will worry about itself. Each day has enough trouble of its own.
15.1%
Romans 8:28
And we know that in all things God works for the good of those who love him, who have been called according to his purpose.
13.7%
1 Peter 2:24
He himself bore our sins in his body on the tree, so that we might die to sins and live for righteousness; by his wounds you have been healed.
10.8%
Matthew 28:19-
20
Therefore go and make disciples of all nations, baptizing them in the name of the Father and of the Son and of the Holy Spirit, and teaching them to obey everything I have commanded you. And surely I am with you always, to the very end of the age.
10.4%
2 Timothy 1:7
For God did not give us a spirit of timidity, but a spirit of power, of love and of self-discipline.
10.1%
Philippians 2:3
Do nothing out of selfish ambition or vain conceit, but in humility consider others better than yourselves.
9.7%
Isaiah 41:10
So do not fear, for I am with you; do not be dismayed for I am your God. I will strengthen you and help you; I will uphold you with my righteous right hand.
8.3%
James 1:2-
3
Consider it pure joy, my brothers, whenever you face trials of many kinds, because you know that the testing of your faith develops perseverance.
8.3%
Quiz Playlist
Details
Report
Send in Message
Add To Playlist
Classic:
Type in answers that appear in a list
Last Updated: Feb 16, 2017
Quiz Scoreboard
CHALLENGE
Sign Up to Join the Scoreboard
Show All
Scores
Hide
Comments
May contain spoilers
Recently Published
Street Fighter Characters
by Artimus82
Gaming
60s
9x9 Crossword: Cartoon Network
by jackfrog10
Miscellaneous
3m
College Basketball Coaching Resumes
by pancakes188
Sports
9m
More to Explore
Quiz From the Vault
Featured Blog Post
Where Did the Easter Bunny Come From?
hide this ad
You Might Also Like...
Tags
Bible Quiz
Verse Quiz
NIV
subject
Text
Today's Top Quizzes in Religion
Browse Religion
hide this ad
Today's Top Quizzes in Verse
Browse Verse
Top Contributed Quizzes in Religion
1
5-to-1: Children of Gods
2
5-to-1: European Churches
3
One Thing in Common: Mythology
4
One Thing in Common: Mythology II
5
Mythological Creature Bunker
6
Prime Time: Religion
7
10 to 1: Islam
8
One Thing in Common: Religion
9
Murdered Mythical Monsters
10
One Thing in Common: Religion and Mythology
Explore More
Trending Topics
Anime
NBA
Disney
Kpop
Crossword
Marvel
Harry Potter
Country
NFL
WWE
Soccer
The Office
Song
Pokémon
Puzzle
hide this ad
More By:
mart1324
Quiz
Plays
Rating
Category
Featured
Created
Most Populous Nations over History
16,996
3.46
Geography
Mar 17, 2010
Rank the U.S. States by Population
11,139
4.37
Geography
Feb 23, 2010
Most Unpatriotic States
1,080
1.95
Geography
Mar 21, 2010
Countries East to West by Capital
775
4.25
Geography
Mar 3, 2010
Big 4 Teams with the Wealthiest Owners
712
3.50
Sports
Apr 12, 2010
Go to Creator's Profile
Score Distribution
Quiz Creator Spotlight
mart1324
Follow
Send a Message
Quizzes Created
-
Created Quiz Play Count
-
More By This Creator
Popular Quizzes Today
1
Find the US States - No Outlines Minefield
2
Find the Countries of Europe - No Outlines Minefield
3
The Countries of the World
4
Find the US States
5
Risky Map Clicking: Biggest States A-Z
6
US States
7
Popular People in 1961
8
Movies - When Are They Set?
More Religion Quizzes
Tic Tac Know: Symbols
Curator's Pick
Trending Quizzes
Risky Map Clicking: Least Populous States A-Z
1-10 Letter G Words
Risky Map Clicking: Next State Alphabetically
Adjectives in 80s TV Shows
The Seven Year Switch: Catherine
Recently Updated
Leaping Animals
pecheneg
Reality TV Shows (A-Z)
bhenderson79
Rickey Henderson's Hall of Fame Teammates
pecheneg
Champions League XIs: Arsenal
pecheneg
Quick Pick: Celebrities in WWE's Hall of Fame
aduchscher
A-Z Keypad Blitz II
pecheneg
Multiple Oscar Actors
pecheneg
Mystery Phrase Blitz: Oscar 'Best Actors'
pecheneg
F. Scott Fitzgerald Novels
LTH
Pick 3 Villains
ddd62291
Trending Topics
NBA
Disney
Crossword
Kpop
Anime
Harry Potter
Marvel
Song
Puzzle
The Office
WWE
NFL
Country
Soccer
Pokémon
Your Account Isn't Verified!
In order to create a playlist on Sporcle, you need to verify the email address you used during registration. Go to your
Sporcle Settings
to finish the process.
Report this User
Report this user for behavior that violates our
Community Guidelines
.
Details:
Send Report
Go to the Sporcle.com Mobile Site →
Comments